|
|
|
|
| LEADER |
00952nam a2200265 a 4500 |
| 001 |
GR-Patra6657 |
| 008 |
991022s1991 xxk 000 b eng d |
| 020 |
|
|
|a 0750601116
|
| 040 |
|
|
|a GrPaTEI
|b gre
|c GR-PaULI
|
| 245 |
0 |
0 |
|a Data analysis in hotel and catering management.
|
| 260 |
|
|
|a Oxford :
|b Butterworth-Heinemann,
|c 1991
|
| 300 |
|
|
|a 204σ. :
|b πίν.
|
| 650 |
|
0 |
|a CATERING
|
| 650 |
|
0 |
|a HOTEL
|
| 650 |
|
0 |
|a Management
|
| 650 |
|
4 |
|a ΔΙΟΙΚΗΣΗ ΚΑΙ ΟΡΓΑΝΩΣΗ
|
| 650 |
|
4 |
|a ΔΙΟΙΚΗΣΗ ΚΑΙ ΟΡΓΑΝΩΣΗ
|
| 650 |
|
4 |
|a ΞΕΝΟΔΟΧΕΙΑ
|
| 650 |
|
4 |
|a ΤΟΥΡΙΣΜΟΣ
|
| 650 |
|
4 |
|a ΤΡΟΦΟΔΟΣΙΑ
|
| 700 |
1 |
|
|a Cunningham, Stephen
|
| 942 |
|
|
|2 ddc
|
| 952 |
|
|
|0 0
|1 0
|2 ddc
|4 0
|6 647_900000000000000_GUN
|7 0
|9 287984
|a LISK
|b LISK
|c BSC
|d 2021-01-17
|e 24
|f 0
|g 0.00
|l 0
|o 647.9 GUN
|p 9241009982
|r 2021-01-17 00:00:00
|t 1
|w 2021-01-17
|y BK15
|x 19991024 0 1
|x GrPaTEI
|
| 971 |
|
|
|a .b26541713
|b 15-04-20
|c 23-09-16
|
| 999 |
|
|
|c 167942
|d 167942
|